Harry Potter Sudden Death Gryffindor - Statistiken

Allgemein
  • Dieses Quiz wurde 264 mal gespielt
  • Das Durchschnittsergebnis liegt bei 6 aus 10
Answers on the Grid
Answers color-coded by a green-red scale on the quiz's grid according to % correct below.
Albus Dumbledore
Viktor Krum
Luna Lovegood
Angelina Johnson
Ernie MacMillian
Lily Potter
Peter Pettigrew
Nymphadora Tonks
Cormac McLaggen
Katie Bell
Horace Slughorn
Lee Jordan
Gilderoy Lockhart
Der blutige Baron
Sibyll Trewlaney
Parvati Patil
Colin Creevey
Pomona Sprout
Romilda Vane
Argus Filch
 
Antwortstatistiken
Antwort % Korrekt
Lily Potter
86%
Albus Dumbledore
83%
Peter Pettigrew
62%
Angelina Johnson
59%
Colin Creevey
58%
Katie Bell
52%
Parvati Patil
45%
Lee Jordan
44%
Cormac McLaggen
41%
Romilda Vane
35%
Keine übereinstimmenden Quizze gefunden
Verteilung der Resultate
Anzahl Personen mit jedem Resultat
Perzentil nach korrekt beantworteten Fragen
Ihre Resultats-Entwicklung
Sie haben dieses Quiz noch nicht gespielt